El pensamiento económico de Aristóteles a Marshall

Saved in:
Bibliografiske detaljer
Main Authors: Spengler, Joseph J (Author), Allen, William R (Author)
Format: Bog
Sprog:spansk
Udgivet: Madrid Tecnos 1971
Udgivelse:1a. ed
Fag:
Tags: Tilføj Tag
Ingen Tags, Vær først til at tagge denne postø!

MARC

LEADER 00000cam a2200000 a 4500
001 UCD4173
003 CL-VaPUC
008 160701e19710000sp |||||||||||||||||spa|d
082 0 4 |a 338.9  |b SPE  |2 21 
100 0 |a Spengler, Joseph J  |e author  |9 587796 
700 0 |a Allen, William R  |e author  |9 587797 
245 1 3 |a El pensamiento económico de Aristóteles a Marshall 
250 |a 1a. ed 
300 |a 800 p 
942 |c BK 
945 |d 20160701 20:49:00  |a dcastane 
260 |a Madrid  |b Tecnos  |c 1971 
650 0 |a Crecimiento económico   |9 314037 
650 0 |a Desarrollo económico y social   |9 256320 
650 0 |a Teoría económica  |9 315055 
583 |a last modification  |c 20160701 20:49:00  |k Rodrigo Vera 
999 |c 365115  |d 365113 
952 |0 0  |1 0  |3 erb  |4 0  |6 338_900000000000000_SPE_1971  |7 0  |8 A  |9 478861  |a FDOHBE  |b FDOHBE  |e Huesbe Llanos, Marco Antonio, 1934-  |i 5310466  |o 338.9 SPE 1971  |p 5310466  |r 2024-01-30  |w 2019-11-24  |y BK  |z Catalogado en:20160701  |k HBE